LEADER 00913nam0-2200313---450- 001 990009478400403321 005 20111115123720.0 035 $a000947840 035 $aFED01000947840 035 $a(Aleph)000947840FED01 035 $a000947840 100 $a20111109d1970----km-y0itay50------ba 101 0 $aita 102 $aIT 105 $a--------001yy 200 1 $aPittura d'avanguardia nel dopoguerra in Europa$fdi Enrico Crispolti 210 $aMilano$cFabbri$d1970 215 $a100 p., 30 c. di tav.$cill.$d30 cm 225 1 $aMensili d'arte$v33 610 0 $aPittura$aEuropa$a1945-1970 676 $a759.06 700 1$aCrispolti,$bEnrico$f<1933- >$0297014 801 0$aIT$bUNINA$gRICA$2UNIMARC 901 $aBK 912 $a990009478400403321 952 $a759.06 CRI 1$bBibl.59444$fFLFBC 959 $aFLFBC 996 $aPittura d'avanguardia nel dopoguerra in Europa$9266716 997 $aUNINA LEADER 01070nam0-22003251i-450- 001 990000952580403321 005 20040526144226.0 010 $a3-540-13880-3 035 $a000095258 035 $aFED01000095258 035 $a(Aleph)000095258FED01 035 $a000095258 100 $a20020001d--------km-y0itay50------ba 101 0 $aeng 200 1 $aResonances - Models and Phenomena$eProceedings of a Workshop Held at the Center for Interdisciplinary Research Bielefeld University, Bielefeld, Germany, April 9-14, 1984$fedited by S. Albeverio, L.S. Ferreira and L. Streit 210 $aBerlin [etc.]$cSpringer-Verlag$d1984 225 1 $aLecture notes in physics$v211 610 0 $aFisica matematica 610 0 $aFisica teorica 676 $a530 700 1$aAlbeverio,$bSergio$044256 702 1$aFerreira,$bL.S. 702 1$aStreit,$bLudwig 801 0$aIT$bUNINA$gRICA$2UNIMARC 901 $aBK 912 $a990000952580403321 952 $a20-117F$b13153$fFI1 959 $aFI1 996 $aResonances - Models and Phenomena$9358091 997 $aUNINA LEADER 01545nam0-2200421---450- 001 990000957550203316 005 20090907093529.0 010 $a88-14-06026-6 035 $a0095755 035 $aUSA010095755 035 $a(ALEPH)000095755USA01 035 $a0095755 100 $a20020212d1996----||ita|0103 ba 101 $aita 102 $aIT 105 $a||||n ||||| 200 1 $aCodice dell'Unione europea$eil trattato di Maastricht, il trattato istitutivo della Comunità europea come modificato dal trattato di Maastricht, annotato con la giurisprudenza della Corte di giustizia, i documenti rilevanti$eaggiornamento al 15.12.1995$f[a cura di] Luigi Ferrari Bravo, Vincenzo Rizzo$gcoordinato da Francesco M. di Majo 210 $aMilano$cA. Giuffrè$d1996 215 $aVIII, 354 p.$d20 cm 606 0 $aUnione europea$xOrdinamento 676 $a341.2422026 702 1$aDI MAJO,$bFrancesco M. 702 1$aRIZZO,$bVincenzo 702 1$aFERRARI BRAVO,$bLuigi 710 02$aUnione europea$0361259 801 0$aIT$bsalbc$gISBD 912 $a990000957550203316 951 $aXXIII.4.A 46 (CODEX 557)$b12716 G$cXXIII.4.A 46 (CODEX)$d00239491 959 $aBK 969 $aGIU 979 $aPATTY$b90$c20020212$lUSA01$h1616 979 $c20020403$lUSA01$h1738 979 $aPATRY$b90$c20040406$lUSA01$h1706 979 $aPATRY$b90$c20060718$lUSA01$h1617 979 $aRSIAV5$b90$c20090907$lUSA01$h0935 979 $aCHIARA$b90$c20101001$lUSA01$h1053 996 $aCodice dell'Unione europea$9191770 997 $aUNISA